| 000 | 00427nam a2200181Ia 4500 | ||
|---|---|---|---|
| 001 | 12796 | ||
| 005 | 20260306163007.0 | ||
| 008 | 260306t1982||||xx |||||||||||||| ||spa|| | ||
| 041 | _aESP | ||
| 082 |
_aRD 330.03 _bN24 |
||
| 100 |
_aNapoleoni, Claudio (dir.) _eAUT |
||
| 245 | 0 | _aDiccionario de economía política | |
| 260 | _c1982 | ||
| 300 |
_a _c22 cm. |
||
| 650 | _aGEN | ||
| 654 | _aCAN | ||
| 942 |
_cDIC _dJUS _fJUS _2ddc _n |
||
| 999 |
_c12796 _d12796 |
||